000 00573aam a2200205 4500
001 7372
003 Uk
005 20250620113325.0
006 m || d |
007 cr |||||||||||
008 040401s2004 enka ob 001 0 eng
020 _a9780816627936
082 0 4 _a306 APP
100 1 _aAppadurai, Arjun.
245 1 0 _aModernity at large :
_bcultural dimensions of globalization.
260 _aLondon :
_bPublic Worlds Series,
_c1996.
300 _axi, 219 p. :
_bill, :
_c25 cm.
504 _aIncludes bibliographical references and index.
942 _2ddc
_cMAIN
999 _c10402
_d10403